Future Living Report (Record no. 121249)

MARC details
000 -LEADER
fixed length control field 00970nam a2200145 4500
008 - FIXED-LENGTH DATA ELEMENTS--GENERAL INFORMATION
fixed length control field 190716b2022 xxk||||| |||| 00| 0 eng d
110 ## - MAIN ENTRY--CORPORATE NAME
9 (RLIN) 6306
Corporate author Vita Group
245 ## - TITLE STATEMENT
Title Future Living Report
260 ## - PUBLICATION INFORMATION
Publisher Vita Group
Date 2022
520 ## - ABSTRACT
Abstract Urban living specialist, Vita Group has published its inaugural Future Living Report, the largest study of its kind reviewing the latest living trends as Britain responds to the cost-of-living crisis, and emerges from the pandemic with a new normal which includes hybrid working, pets and second income streams. <br/><br/>The in-depth report which harnesses insights from over 8,000 people in the UK, as well as drawing on trends observed within its buildings with over 10,000 people living across its platform of brands.<br/>
651 ## - SUBJECT ADDED ENTRY--GEOGRAPHIC NAME
Geographic name UNITED KINGDOM
690 ## - LOCAL SUBJECT ADDED ENTRY--TOPICAL TERM (OCLC, RLIN)
9 (RLIN) 6307
Topical term or geographic name as entry element Built Environment
690 ## - LOCAL SUBJECT ADDED ENTRY--TOPICAL TERM (OCLC, RLIN)
9 (RLIN) 6266
Topical term or geographic name as entry element Residential property
856 ## - ONLINE RESOURCE
Uniform Resource Identifier https://vitagroup.com/vita-lab/future-living-report/
Public note Available from the Vita Group website
Holdings
Withdrawn status Lost status Source of classification or shelving scheme Damaged status Not for loan Home library Current library Date acquired Total Checkouts Date last seen Price effective from Koha item type
    Dewey Decimal Classification     Virtual Virtual 25/11/2022   25/11/2022 25/11/2022 Online material